000
00206nam a22000977a 4500
999
_c
264308
_d
264307
020
_a
0439802881
100
_a
David Shannon
245
_a
DUCK AND A BOOK
260
_a
USA
_b
Sholastic Inc
_c
2005
942
_c
BK